000 00633nam a2200181 i 4500
001 146720
003 ES-MaACL
005 20230906201639.0
007 t|
008 070917s1972 sp ||||1| spa d
100 1 _aTrenchard, Ernesto.
_9111314
245 1 0 _aIntroducción a los libros de la sabiduría y una exposición del libro de Job /
_cpor Ernesto Trenchard.
260 _aMadrid :
_bLiteratura Biblica,
_c[1972]
300 _a151 p. ;
_c19 cm.
630 0 4 _aBiblia.
_pA.T.
_pLibros sapienciales-
_xIntroducciones.
_9163855
630 0 4 _aBiblia.
_pA.T.
_pJob-
_vComentarios.
_9119265
852 _aES-MaACL
_jC-51187
_bR.83932
999 _c146720
_d146720